Normal view MARC view
  • Whitney. B

Entry Personal Name

Number of records used in: 2

001 - CONTROL NUMBER

  • control field: 1469

003 - CONTROL NUMBER IDENTIFIER

  • control field: OSt

005 - DATE AND TIME OF LATEST TRANSACTION

  • control field: 20161126112355.0

008 - FIXED-LENGTH DATA ELEMENTS

  • fixed length control field: 161126|| aca||aabn | a|a d

040 ## - CATALOGING SOURCE

  • Original cataloging agency: OSt

100 ## - HEADING--PERSONAL NAME

  • Personal name: Whitney. B

Powered by Koha